banner koha

Anuário Peixe BR da piscicultura 2016 (Registro n. 9285)

MARC details
000 -LÍDER
Campo de controle fixo 00890nam a22003257a 4500
001 - NÚMERO DE CONTROLE
Número de controle BR2023000674
003 - CÓDIGO MARC DA AGÊNCIA CATALOGADORA
Campo de controle BR-BrBNA
005 - DATA E HORA DA ÚLTIMA ATUALIZAÇÃO
Campo de controle 20230628102516.0
008 - CAMPO DE TAMANHO FIXO
Campo fixo de controle 230601b bl.||||| |||| 00| 0 por d
040 ## - FONTE DA CATALOGAÇÃO
Agência catalogadora BR-BrBNA
Idioma da catalogação por
041 ## - CÓDIGO DO IDIOMA
Código do Idioma (eng, por)
072 ## - CATEGORIA AGRIS
Código da categoria de assunto M12 ; E70 ; E71
090 ## - NÚMERO DE CHAMADA
Número de Chamada M12 BR2023000674
110 ## - ENTRADA PRINCIPAL - ENTIDADE
Nome da entidade ou lugar Associação Brasileira da Piscicultura, São Paulo, SP (Brazil)
245 ## - TÍTULO PRINCIPAL
Título principal Anuário Peixe BR da piscicultura 2016
260 ## - IMPRENTA (PUBLICAÇÃO, DISTRIBUIÇÃO, ETC.)
Lugar de publicação, distribuição, etc. São Paulo, SP (Brazil)
Data de publicação, distribuição, etc 2016
300 ## - DESCRIÇÃO FÍSICA
Extensão 99 p.
500 ## - NOTA GERAL
Notas gerais 71 illus.; 1 table; 1 graph
650 ## - ASSUNTO - THESAGRO
Cabeçalho tópico ou nome geográfico PISCICULTURA
650 ## - ASSUNTO - THESAGRO
Cabeçalho tópico ou nome geográfico ESTATÍSTICA
650 ## - ASSUNTO - THESAGRO
Cabeçalho tópico ou nome geográfico MERCADO MUNDIAL
650 ## - ASSUNTO - THESAGRO
Cabeçalho tópico ou nome geográfico PESQUISA
650 ## - ASSUNTO - THESAGRO
Cabeçalho tópico ou nome geográfico ASSOCIATIVISMO
650 ## - ASSUNTO - THESAGRO
Cabeçalho tópico ou nome geográfico PRODUÇÃO PESQUEIRA
650 ## - ASSUNTO - THESAGRO
Cabeçalho tópico ou nome geográfico DESENVOLVIMENTO SUSTENTÁVEL
650 ## - ASSUNTO - THESAGRO
Cabeçalho tópico ou nome geográfico CADEIA PRODUTIVA
650 ## - ASSUNTO - THESAGRO
Cabeçalho tópico ou nome geográfico TAXONOMIA
909 ## - IDENTIFICAÇÃO DO CATALOGADOR
Ano e mês da catalogação (aaaamm) 202306
Identificação do catalogador Fernando
942 ## - TIPO ESPECÍFICO
Tipo de material Livros
952 ## - LOCATION AND ITEM INFORMATION (KOHA)
-- 2023-06-01
Exemplares
Status de empréstimo Fonte de classificação Status de danificação Não pode ser emprestado Código da coleção Localização permanente Localização atual Localização na estante Total Checkouts Número de chamada Código de barras Tipo de material
  Classificação AGRIS     Agrobase Biblioteca Nacional de Agricultura - Binagri Biblioteca Nacional de Agricultura - Binagri Agrobase - Acervo Geral   M12 BR2023000674 2023-435705 Livros

BINAGRI

Telefone: (61)3218-2567/2388/3357/2097 - binagri@agro.gov.br

Ministério da Agricultura e Pecuária , Esplanada dos Ministérios, Bloco D, Anexo B, Brasília/DF, CEP: 70.043-900